Los que van a morir te saludan

Saved in:
Bibliographic Details
Main Author: Vargas, Fred (Author)
Format: Book
Language:Spanish
Published: Madrid Siruela 2002
Series:Nuevos Tiempos
Subjects:
Tags: Add Tag
No Tags, Be the first to tag this record!

MARC

LEADER 00000nam a2200000 a 4500
001 UCI7437
003 CL-VaPUC
008 080703e20020000SP |||||||||||||||||spa|d
020 |a 8478445943 
082 0 4 |a 843  |b VAR  |2 21 
100 0 |a Vargas, Fred  |e author  |9 530700 
245 1 4 |a Los que van a morir te saludan 
300 |a 190 p 
942 |c BK 
945 |d 20080703 00:00:00  |a rbrito 
260 |a Madrid  |b Siruela  |c 2002 
650 0 |a Novela francesa  |9 264985 
583 |a last modification  |c 20080703 00:00:00  |k Rodrigo Vera 
490 0 |a Nuevos Tiempos 
999 |c 330727  |d 330725 
952 |0 0  |1 0  |4 0  |6 843_000000000000000_VAR_2002  |7 0  |8 A  |9 416469  |a BIBHIS  |b BIBHIS  |d 2019-11-22  |i 4455061  |o 843 VAR 2002  |p 4455061  |r 2025-01-20  |w 2019-11-22  |y BK  |k HIS